| 000 | 00986cam a2200205 4500 | ||
|---|---|---|---|
| 001 | ABS65905 | ||
| 008 | 020918n2002 000 0 eng u | ||
| 035 | _a(Sirsi) u119741 | ||
| 100 | _aWong, K | ||
| 245 | _aRights of light - exploding the myth | ||
| 260 | _c2002 | ||
| 490 |
_aRICS Building Surveying Faculty: The Journal _v(4) July 2002, 11-12(2) |
||
| 520 | _aArgues that government policy is forcing developers to maximise the use of inner city and brownfield sites, which makes rights of light an increasingly important development consideration. Highlights the issue that a surveyor must protect the rights of his client, by mastering the skills required to measure daylight. Points out that this should be included in the core training, and can be undertaken with the aid of computer software. | ||
| 590 | _aABS | ||
| 650 |
_aRights of light _96267 |
||
| 650 | _aWALDRAM DIAGRAM | ||
| 650 | _aDAYLIGHT | ||
| 690 | _aBUILT ENVIRONMENT-CONSTRUCTION DESIGN | ||
| 942 | _n0 | ||
| 999 |
_c71173 _d71173 |
||